Statistiques concernant Top 10 des pays dans les chiens de compagnie

Cliquez ici pour prendre le quiz!

Statistiques générales

  • Ce quiz a été pris 77 fois
  • Le résultat moyen est 7 sur 10

Statistiques - réponses

Millions Pays % Correct
7.4France
100%
75.8États-Unis
94%
27.4Chine
93%
12Japon
83%
35.7Brésil
76%
10.2Inde
76%
15Russie
69%
9.2Argentine
47%
11.6Philippines
7%
4.1Roumanie
6%

Distribution des résultats

Percentile par nombre de réponses

% des personnes avec chaque résultat

Votre développement - résultats

Vous n’avez pas pris ce quiz